<?xml version="1.0" encoding="UTF-8"?>
<record
    xmlns:xsi="http://www.w3.org/2001/XMLSchema-instance"
    xsi:schemaLocation="http://www.loc.gov/MARC21/slim http://www.loc.gov/standards/marcxml/schema/MARC21slim.xsd"
    xmlns="http://www.loc.gov/MARC21/slim">

  <leader>02415nam0a2200445   4500</leader>
  <controlfield tag="001">RU\NLR\bibl\984020</controlfield>
  <controlfield tag="005">20250614215318.0</controlfield>
  <datafield tag="010" ind1=" " ind2=" ">
    <subfield code="a">5-7246-0372-1</subfield>
  </datafield>
  <datafield tag="021" ind1=" " ind2=" ">
    <subfield code="a">RU</subfield>
    <subfield code="b">2006-42101</subfield>
    <subfield code="9">2103</subfield>
  </datafield>
  <datafield tag="035" ind1=" " ind2=" ">
    <subfield code="a">(nilc)RSL-KNO-002911091</subfield>
  </datafield>
  <datafield tag="035" ind1=" " ind2=" ">
    <subfield code="a">(NLR Aleph) 000971897</subfield>
  </datafield>
  <datafield tag="090" ind1=" " ind2=" ">
    <subfield code="a">404511</subfield>
    <subfield code="c">404511</subfield>
  </datafield>
  <datafield tag="100" ind1=" " ind2=" ">
    <subfield code="a">20060724d2006    |||y0rusy50      ca</subfield>
  </datafield>
  <datafield tag="101" ind1="0" ind2=" ">
    <subfield code="a">rus</subfield>
  </datafield>
  <datafield tag="102" ind1=" " ind2=" ">
    <subfield code="a">RU</subfield>
  </datafield>
  <datafield tag="105" ind1=" " ind2=" ">
    <subfield code="a">a   |||||||||</subfield>
  </datafield>
  <datafield tag="106" ind1=" " ind2=" ">
    <subfield code="a">r</subfield>
  </datafield>
  <datafield tag="200" ind1="1" ind2=" ">
    <subfield code="a">&#x41A;&#x430;&#x431;&#x435;&#x43B;&#x438;, &#x43F;&#x440;&#x43E;&#x432;&#x43E;&#x434;&#x430;, &#x43C;&#x430;&#x442;&#x435;&#x440;&#x438;&#x430;&#x43B;&#x44B; &#x434;&#x43B;&#x44F; &#x43A;&#x430;&#x431;&#x435;&#x43B;&#x44C;&#x43D;&#x43E;&#x439; &#x438;&#x43D;&#x434;&#x443;&#x441;&#x442;&#x440;&#x438;&#x438;</subfield>
    <subfield code="d">Cables, wires, materials for cable industry</subfield>
    <subfield code="e">&#x442;&#x435;&#x445;&#x43D;&#x438;&#x447;&#x435;&#x441;&#x43A;&#x438;&#x439; &#x441;&#x43F;&#x440;&#x430;&#x432;&#x43E;&#x447;&#x43D;&#x438;&#x43A;</subfield>
    <subfield code="f">[&#x430;&#x432;&#x442;. &#x438; &#x441;&#x43E;&#x441;&#x442;.: &#x41A;&#x443;&#x437;&#x435;&#x43D;&#x435;&#x432; &#x412;&#x438;&#x43A;&#x442;&#x43E;&#x440; &#x42E;&#x440;&#x44C;&#x435;&#x432;&#x438;&#x447;, &#x41A;&#x440;&#x435;&#x445;&#x43E;&#x432;&#x430; &#x41E;&#x43B;&#x44C;&#x433;&#x430; &#x412;&#x43B;&#x430;&#x434;&#x438;&#x43C;&#x438;&#x440;&#x43E;&#x432;&#x43D;&#x430;]</subfield>
    <subfield code="z">eng</subfield>
  </datafield>
  <datafield tag="205" ind1=" " ind2=" ">
    <subfield code="a">3-&#x435; &#x438;&#x437;&#x434;., [&#x434;&#x43E;&#x43F;. &#x438; &#x43F;&#x435;&#x440;&#x435;&#x440;&#x430;&#x431;.]</subfield>
  </datafield>
  <datafield tag="210" ind1=" " ind2=" ">
    <subfield code="a">&#x41C;&#x43E;&#x441;&#x43A;&#x432;&#x430;</subfield>
    <subfield code="c">&#x41D;&#x41A;&#x41F; "&#x42D;&#x43B;&#x43B;&#x438;&#x43F;&#x441;"</subfield>
    <subfield code="c">&#x41D;&#x435;&#x444;&#x442;&#x44C; &#x438; &#x433;&#x430;&#x437;</subfield>
    <subfield code="d">2006</subfield>
  </datafield>
  <datafield tag="215" ind1=" " ind2=" ">
    <subfield code="a">360 &#x441;.</subfield>
    <subfield code="c">&#x438;&#x43B;., &#x442;&#x430;&#x431;&#x43B;.</subfield>
    <subfield code="d">26</subfield>
  </datafield>
  <datafield tag="320" ind1=" " ind2=" ">
    <subfield code="a">&#x410;&#x43B;&#x444;. &#x443;&#x43A;&#x430;&#x437;. &#x43A;&#x430;&#x431;&#x435;&#x43B;. &#x43F;&#x440;&#x43E;&#x434;&#x443;&#x43A;&#x446;&#x438;&#x438; &#x43F;&#x43E; &#x43C;&#x430;&#x440;&#x43A;&#x430;&#x43C;: &#x441;. 356-360</subfield>
  </datafield>
  <datafield tag="510" ind1="0" ind2=" ">
    <subfield code="a">Cables, wires, materials for cable industry</subfield>
    <subfield code="z">eng</subfield>
  </datafield>
  <datafield tag="606" ind1="1" ind2=" ">
    <subfield code="a">&#x41A;&#x430;&#x431;&#x435;&#x43B;&#x438;</subfield>
    <subfield code="j">&#x421;&#x43F;&#x440;&#x430;&#x432;&#x43E;&#x447;&#x43D;&#x438;&#x43A;&#x438;</subfield>
    <subfield code="9">1309263</subfield>
    <subfield code="3">RU\NLR\auth\66226255</subfield>
  </datafield>
  <datafield tag="606" ind1="1" ind2=" ">
    <subfield code="a">&#x42D;&#x43B;&#x435;&#x43A;&#x442;&#x440;&#x438;&#x447;&#x435;&#x441;&#x43A;&#x438;&#x435; &#x43F;&#x440;&#x43E;&#x432;&#x43E;&#x434;&#x430;</subfield>
    <subfield code="j">&#x421;&#x43F;&#x440;&#x430;&#x432;&#x43E;&#x447;&#x43D;&#x438;&#x43A;&#x438;</subfield>
    <subfield code="9">1175471</subfield>
    <subfield code="3">RU\NLR\auth\66154639</subfield>
  </datafield>
  <datafield tag="606" ind1="1" ind2=" ">
    <subfield code="a">&#x42D;&#x43B;&#x435;&#x43A;&#x442;&#x440;&#x43E;&#x442;&#x435;&#x445;&#x43D;&#x438;&#x447;&#x435;&#x441;&#x43A;&#x438;&#x435; &#x43C;&#x430;&#x442;&#x435;&#x440;&#x438;&#x430;&#x43B;&#x44B;</subfield>
    <subfield code="j">&#x421;&#x43F;&#x440;&#x430;&#x432;&#x43E;&#x447;&#x43D;&#x438;&#x43A;&#x438;</subfield>
    <subfield code="9">1180238</subfield>
    <subfield code="3">RU\NLR\auth\66157171</subfield>
  </datafield>
  <datafield tag="610" ind1="0" ind2=" ">
    <subfield code="a">&#x42D;&#x43D;&#x435;&#x440;&#x433;&#x435;&#x442;&#x438;&#x43A;&#x430; -- &#x42D;&#x43B;&#x435;&#x43A;&#x442;&#x440;&#x43E;&#x44D;&#x43D;&#x435;&#x440;&#x433;&#x435;&#x442;&#x438;&#x43A;&#x430;. &#x42D;&#x43B;&#x435;&#x43A;&#x442;&#x440;&#x43E;&#x442;&#x435;&#x445;&#x43D;&#x438;&#x43A;&#x430; -- &#x42D;&#x43B;&#x435;&#x43A;&#x442;&#x440;&#x43E;&#x442;&#x435;&#x445;&#x43D;&#x438;&#x447;&#x435;&#x441;&#x43A;&#x438;&#x435; &#x43C;&#x430;&#x442;&#x435;&#x440;&#x438;&#x430;&#x43B;&#x44B; &#x438; &#x438;&#x437;&#x434;&#x435;&#x43B;&#x438;&#x44F; -- &#x41F;&#x440;&#x43E;&#x432;&#x43E;&#x434;&#x43D;&#x438;&#x43A;&#x43E;&#x432;&#x44B;&#x435; &#x43C;&#x430;&#x442;&#x435;&#x440;&#x438;&#x430;&#x43B;&#x44B; &#x438; &#x438;&#x437;&#x434;&#x435;&#x43B;&#x438;&#x44F; -- &#x41A;&#x430;&#x431;&#x435;&#x43B;&#x44C;&#x43D;&#x44B;&#x435; &#x438;&#x437;&#x434;&#x435;&#x43B;&#x438;&#x44F; -- &#x421;&#x43F;&#x440;&#x430;&#x432;&#x43E;&#x447;&#x43D;&#x438;&#x43A;</subfield>
  </datafield>
  <datafield tag="610" ind1="0" ind2=" ">
    <subfield code="a">&#x420;&#x430;&#x434;&#x438;&#x43E;&#x44D;&#x43B;&#x435;&#x43A;&#x442;&#x440;&#x43E;&#x43D;&#x438;&#x43A;&#x430; -- &#x41E;&#x431;&#x449;&#x430;&#x44F; &#x440;&#x430;&#x434;&#x438;&#x43E;&#x442;&#x435;&#x445;&#x43D;&#x438;&#x43A;&#x430; -- &#x420;&#x430;&#x434;&#x438;&#x43E;&#x442;&#x435;&#x445;&#x43D;&#x438;&#x447;&#x435;&#x441;&#x43A;&#x438;&#x435; &#x43C;&#x430;&#x442;&#x435;&#x440;&#x438;&#x430;&#x43B;&#x44B; &#x438; &#x438;&#x437;&#x434;&#x435;&#x43B;&#x438;&#x44F; -- &#x41F;&#x440;&#x43E;&#x432;&#x43E;&#x434;&#x43D;&#x438;&#x43A;&#x43E;&#x432;&#x44B;&#x435; &#x43C;&#x430;&#x442;&#x435;&#x440;&#x438;&#x430;&#x43B;&#x44B; &#x438; &#x438;&#x437;&#x434;&#x435;&#x43B;&#x438;&#x44F; -- &#x41A;&#x430;&#x431;&#x435;&#x43B;&#x44C;&#x43D;&#x44B;&#x435; &#x438;&#x437;&#x434;&#x435;&#x43B;&#x438;&#x44F; -- &#x421;&#x43F;&#x440;&#x430;&#x432;&#x43E;&#x447;&#x43D;&#x438;&#x43A;</subfield>
  </datafield>
  <datafield tag="610" ind1="0" ind2=" ">
    <subfield code="a">&#x43F;&#x440;&#x43E;&#x432;&#x43E;&#x434;&#x430;</subfield>
  </datafield>
  <datafield tag="610" ind1="0" ind2=" ">
    <subfield code="a">&#x43A;&#x430;&#x431;&#x435;&#x43B;&#x438;</subfield>
  </datafield>
  <datafield tag="686" ind1=" " ind2=" ">
    <subfield code="a">&#x417;232.3&#x44F;22</subfield>
    <subfield code="2">rubbk</subfield>
  </datafield>
  <datafield tag="686" ind1=" " ind2=" ">
    <subfield code="a">&#x417;843.23&#x44F;22</subfield>
    <subfield code="2">rubbk</subfield>
  </datafield>
  <datafield tag="686" ind1=" " ind2=" ">
    <subfield code="a">&#x417;23&#x44F;22</subfield>
  </datafield>
  <datafield tag="702" ind1=" " ind2="1">
    <subfield code="a">&#x41A;&#x443;&#x437;&#x435;&#x43D;&#x435;&#x432;</subfield>
    <subfield code="b">&#x412;. &#x42E;.</subfield>
    <subfield code="g">&#x412;&#x438;&#x43A;&#x442;&#x43E;&#x440; &#x42E;&#x440;&#x44C;&#x435;&#x432;&#x438;&#x447;</subfield>
    <subfield code="4">220</subfield>
  </datafield>
  <datafield tag="801" ind1=" " ind2="0">
    <subfield code="a">RU</subfield>
    <subfield code="b">&#x420;&#x41A;&#x41F;</subfield>
    <subfield code="c">20060724</subfield>
    <subfield code="g">rcr</subfield>
  </datafield>
  <datafield tag="801" ind1=" " ind2="1">
    <subfield code="a">RU</subfield>
    <subfield code="b">&#x420;&#x413;&#x411;</subfield>
    <subfield code="c">20060724</subfield>
  </datafield>
  <datafield tag="801" ind1=" " ind2="2">
    <subfield code="a">RU</subfield>
    <subfield code="b">NLR</subfield>
    <subfield code="c">20060914</subfield>
    <subfield code="g">rcr</subfield>
  </datafield>
  <datafield tag="942" ind1=" " ind2=" ">
    <subfield code="c">BOOK</subfield>
  </datafield>
  <datafield tag="980" ind1=" " ind2=" ">
    <subfield code="a">NB</subfield>
  </datafield>
  <datafield tag="995" ind1=" " ind2=" ">
    <subfield code="5">2006-09-14</subfield>
    <subfield code="a">ad</subfield>
    <subfield code="b">NLR01</subfield>
    <subfield code="c">NLR01</subfield>
    <subfield code="e">NTD</subfield>
    <subfield code="f">1-706357</subfield>
    <subfield code="k">&#x41F;&#x442; 2006-1/46</subfield>
    <subfield code="o">0</subfield>
    <subfield code="r">BOOK</subfield>
    <subfield code="s">_2006146</subfield>
  </datafield>
  <datafield tag="995" ind1=" " ind2=" ">
    <subfield code="5">2006-09-14</subfield>
    <subfield code="a">ad</subfield>
    <subfield code="b">NLR01</subfield>
    <subfield code="c">NLR01</subfield>
    <subfield code="e">NTD04</subfield>
    <subfield code="f">1-706358</subfield>
    <subfield code="k">&#x41F;&#x442; 2006-1/46</subfield>
    <subfield code="o">0</subfield>
    <subfield code="r">BOOK</subfield>
    <subfield code="s">_2006146</subfield>
  </datafield>
</record>
